'W' Vocabulary (Hard) Quiz Stats

 Plays Quiz Updated Dec 3, 2016

Support Sporcle.
Go Orange.
Score 0/25 Timer 09:00
3 Plays Today
% Correct
wreath
87.3%
wanderlust
85.3%
wrathful
83.4%
wallow
82.4%
wallop
82.2%
windfall
82%
wreck
79.6%
warble
78%
wonton
76.9%
whelp
75.6%
wry
75.6%
whet
74.2%
waif
72%
% Correct
winsome
70%
wraith
69.6%
wistful
68.3%
wan
67.8%
wassail
67.6%
wizen
62.8%
wheedle
62.3%
wont
62%
wrangle
56.9%
wayward
55.7%
waggish
52.3%
wanton
51%

You're not logged in!

Compare scores with friends on all Sporcle quizzes.
OR
Log In

From the Vault

Anything but the NHL

by JohnFran

For when you're just not in the mood for hockey.
Remove Ads.
Support Sporcle.
Get the best of Sporcle when you Go Orange. This ad-free experience offers more features, more stats, and more fun while also helping to support Sporcle. Thank you for becoming a member.

Show Comments

Extras

Top Quizzes Today


Score Distribution

Your Account Isn't Verified!

In order to create a playlist on Sporcle, you need to verify the email address you used during registration. Go to your Sporcle Settings to finish the process.

Report this User

Report this user for behavior that violates our Community Guidelines.

Details: